| 000 | 00653nam a22001937a 4500 | ||
|---|---|---|---|
| 999 |
_c168261 _d168261 |
||
| 005 | 20191001125408.0 | ||
| 010 | _aENG-126585 | ||
| 020 |
_a9788178442099 _c995.00 |
||
| 035 | _aEN-110117 | ||
| 037 | _bDBAD/PUB | ||
| 082 | _a910 | ||
| 100 | _aAnoop Kumar Singh | ||
| 245 |
_aFundamentals of urban geography / _cby Anoop Kumar Singh |
||
| 260 |
_aNew Delhi _bK.K. Pubications _c2018 |
||
| 270 |
_a4806/24, Bharat Ram Road _bDarya Ganj, New Delhi _e110002 _k011-23285167, 65185557 _minfo@kkpublications.com |
||
| 300 |
_aviii;280p. _c22cm(Hb) |
||
| 500 | _aIncludes bibliographical references and index | ||
| 942 |
_2ddc _cEN _h910 _mANO |
||